| 000 | 00573nam a2200181 i 4500 | ||
|---|---|---|---|
| 001 | 59221 | ||
| 003 | ES-MaACL | ||
| 005 | 20251014063122.0 | ||
| 007 | t| | ||
| 008 | 031028s1917 sp ||||1| spa d | ||
| 100 | 1 |
_aEmerson, Ralph Waldo, _d1803-1882 _947147 |
|
| 245 | 1 | 0 |
_aHistoria y política / _cRalph Waldo Emerson , versión castellana por Santiago Valenti Camp. |
| 260 |
_aBarcelona : _b[s.n., _c1917] ( _fDalmau Yuste) |
||
| 300 |
_a220 p. ; _c18 cm. |
||
| 700 | 1 |
_aValenti Camp, Santiago. _9112598 |
|
| 852 |
_aES-MaACL _jF-605 |
||
| 999 |
_c59221 _d59221 |
||